Päijät-Hämeen urheiluseuroja - Statistics

Yleistilastot
  • Tätä visaa on pelattu 31 kertaa
  • Keskiarvotulos 6 / 12
Vastaustilastot
Kuvavisa Hint Vastaus % Oikein
Liiga Pelicans
100%
Veikkausliiga FC Lahti
93%
M Korisliiga Lahti Basketball
71%
M Kolmonen FC Kuusysi
61%
II-divisioona Heinolan Peliitat
50%
maastohiihto Lahden Hiihtoseura
50%
yleisurheilu Lahden Ahkera
43%
M F-liiga LASB
32%
maastohiihto Hollolan Urheilijat -46
29%
mm. suunnistus Asikkalan Raikas
25%
suunnistus Lahden Suunnistajat -37
18%
N Lentopallon 1-sarja Salpis
11%
Ehtoja vastaavia visoja ei löytynyt
Tulosjakauma
Jokaisen tuloksen saaneiden osuus
Persentiili vastausten määrän mukaan
Tuloshistoriasi
Et ole pelannut tätä visaa